<?xml version="1.0" encoding="UTF-8"?>
<record
    xmlns:xsi="http://www.w3.org/2001/XMLSchema-instance"
    xsi:schemaLocation="http://www.loc.gov/MARC21/slim http://www.loc.gov/standards/marcxml/schema/MARC21slim.xsd"
    xmlns="http://www.loc.gov/MARC21/slim">

  <leader>00775nam a22001697a 4500</leader>
  <datafield tag="999" ind1=" " ind2=" ">
    <subfield code="c">61923</subfield>
    <subfield code="d">61923</subfield>
  </datafield>
  <controlfield tag="003">Ge_BSU</controlfield>
  <controlfield tag="005">20241105133952.0</controlfield>
  <controlfield tag="008">240611s1987    ge ||||| |||| 00| 0 geo d</controlfield>
  <datafield tag="041" ind1=" " ind2=" ">
    <subfield code="a">geo</subfield>
  </datafield>
  <datafield tag="080" ind1=" " ind2=" ">
    <subfield code="a">614.253.52(075.8) &#x10D3;-18</subfield>
  </datafield>
  <datafield tag="245" ind1=" " ind2=" ">
    <subfield code="a">&#x10D3;&#x10D0;&#x10DB;&#x10EE;&#x10DB;&#x10D0;&#x10E0;&#x10D4; &#x10E1;&#x10D0;&#x10EE;&#x10D4;&#x10DA;&#x10DB;&#x10EB;&#x10E6;&#x10D5;&#x10D0;&#x10DC;&#x10D4;&#x10DA;&#x10DD; &#x10DB;&#x10D4;&#x10D3;&#x10D3;&#x10D4;&#x10D1;&#x10D8;&#x10E1; &#x10DB;&#x10DD;&#x10E1;&#x10D0;&#x10DB;&#x10D6;&#x10D0;&#x10D3;&#x10D4;&#x10D1;&#x10DA;&#x10D0;&#x10D3; :</subfield>
    <subfield code="b">[&#x10E1;&#x10D0;&#x10EE;&#x10D4;&#x10DA;&#x10DB;&#x10EB;&#x10E6;&#x10D5;. &#x10E3;&#x10DB;&#x10D0;&#x10E6;&#x10DA;. &#x10E1;&#x10D0;&#x10E1;&#x10EC;. &#x10E1;&#x10E2;&#x10E3;&#x10D3;.] /</subfield>
    <subfield code="c"> &#x10D0;. &#x10D2;. &#x10E1;&#x10D0;&#x10E4;&#x10DD;&#x10DC;&#x10DD;&#x10D5;&#x10D8;&#x10E1; &#x10E0;&#x10D4;&#x10D3;.; </subfield>
  </datafield>
  <datafield tag="264" ind1=" " ind2=" ">
    <subfield code="a">&#x10D7;&#x10D1;. :</subfield>
    <subfield code="b"> &#x10D7;&#x10D1;&#x10D8;&#x10DA;. &#x10E3;&#x10DC;-&#x10E2;&#x10D8;&#x10E1; &#x10D2;&#x10D0;&#x10DB;-&#x10D1;&#x10D0;, </subfield>
    <subfield code="c">1987.</subfield>
  </datafield>
  <datafield tag="300" ind1=" " ind2=" ">
    <subfield code="a">381 &#x10D2;&#x10D5;. ; </subfield>
    <subfield code="b">22 &#x10E1;&#x10DB;.</subfield>
  </datafield>
  <datafield tag="653" ind1=" " ind2=" ">
    <subfield code="a">&#x10DB;&#x10D4;&#x10D3;&#x10D3;&#x10D4;&#x10D1;&#x10D8;&#x10E1; &#x10DB;&#x10DD;&#x10DB;&#x10D6;&#x10D0;&#x10D3;&#x10D4;&#x10D1;&#x10D0;</subfield>
  </datafield>
  <datafield tag="653" ind1=" " ind2=" ">
    <subfield code="a">&#x10DB;&#x10D4;&#x10D3;&#x10D8;&#x10EA;&#x10D8;&#x10DC;&#x10D0;</subfield>
  </datafield>
  <datafield tag="942" ind1=" " ind2=" ">
    <subfield code="2">udc</subfield>
    <subfield code="c">&#x1CAC;&#x1C98;&#x1C92;&#x1C9C;&#x1C98;</subfield>
  </datafield>
  <datafield tag="952" ind1=" " ind2=" ">
    <subfield code="0">0</subfield>
    <subfield code="1">0</subfield>
    <subfield code="2">udc</subfield>
    <subfield code="4">0</subfield>
    <subfield code="6">614253520758_&#x10D3;18</subfield>
    <subfield code="7">0</subfield>
    <subfield code="9">99137</subfield>
    <subfield code="a">CPL</subfield>
    <subfield code="b">CPL</subfield>
    <subfield code="c">GEN</subfield>
    <subfield code="d">2024-06-11</subfield>
    <subfield code="g">2.40</subfield>
    <subfield code="o">614.253.52(075.8) &#x10D3;-18</subfield>
    <subfield code="p">68093</subfield>
    <subfield code="r">2024-06-11</subfield>
    <subfield code="t">68093</subfield>
    <subfield code="w">2024-06-11</subfield>
    <subfield code="y">&#x1CAC;&#x1C98;&#x1C92;&#x1C9C;&#x1C98;</subfield>
    <subfield code="z">2 &#x10DA;.40 &#x10D7;.</subfield>
  </datafield>
  <datafield tag="952" ind1=" " ind2=" ">
    <subfield code="0">0</subfield>
    <subfield code="1">0</subfield>
    <subfield code="2">udc</subfield>
    <subfield code="4">0</subfield>
    <subfield code="6">614253520758_&#x10D3;18</subfield>
    <subfield code="7">0</subfield>
    <subfield code="9">99138</subfield>
    <subfield code="a">CPL</subfield>
    <subfield code="b">CPL</subfield>
    <subfield code="c">GEN</subfield>
    <subfield code="d">2024-06-11</subfield>
    <subfield code="g">2.40</subfield>
    <subfield code="o">614.253.52(075.8) &#x10D3;-18</subfield>
    <subfield code="p">68094</subfield>
    <subfield code="r">2024-06-11</subfield>
    <subfield code="t">68094</subfield>
    <subfield code="w">2024-06-11</subfield>
    <subfield code="y">&#x1CAC;&#x1C98;&#x1C92;&#x1C9C;&#x1C98;</subfield>
    <subfield code="z">2 &#x10DA;.40 &#x10D7;.</subfield>
  </datafield>
  <datafield tag="952" ind1=" " ind2=" ">
    <subfield code="0">0</subfield>
    <subfield code="1">0</subfield>
    <subfield code="2">udc</subfield>
    <subfield code="4">0</subfield>
    <subfield code="6">614253520758_&#x10D3;18</subfield>
    <subfield code="7">0</subfield>
    <subfield code="9">99139</subfield>
    <subfield code="a">CPL</subfield>
    <subfield code="b">CPL</subfield>
    <subfield code="c">GEN</subfield>
    <subfield code="d">2024-06-11</subfield>
    <subfield code="g">2.40</subfield>
    <subfield code="o">614.253.52(075.8) &#x10D3;-18</subfield>
    <subfield code="p">68095</subfield>
    <subfield code="r">2024-06-11</subfield>
    <subfield code="t">68095</subfield>
    <subfield code="w">2024-06-11</subfield>
    <subfield code="y">&#x1CAC;&#x1C98;&#x1C92;&#x1C9C;&#x1C98;</subfield>
    <subfield code="z">2 &#x10DA;.40 &#x10D7;.</subfield>
  </datafield>
  <datafield tag="952" ind1=" " ind2=" ">
    <subfield code="0">0</subfield>
    <subfield code="1">0</subfield>
    <subfield code="2">udc</subfield>
    <subfield code="4">0</subfield>
    <subfield code="6">614253520758_&#x10D3;18</subfield>
    <subfield code="7">0</subfield>
    <subfield code="9">101011</subfield>
    <subfield code="a">CPL</subfield>
    <subfield code="b">CPL</subfield>
    <subfield code="c">GEN</subfield>
    <subfield code="d">2024-11-05</subfield>
    <subfield code="g">2.00</subfield>
    <subfield code="o">614.253.52(075.8) &#x10D3;-18</subfield>
    <subfield code="p">69584</subfield>
    <subfield code="r">2024-11-05</subfield>
    <subfield code="t">69584</subfield>
    <subfield code="w">2024-11-05</subfield>
    <subfield code="y">&#x1CAC;&#x1C98;&#x1C92;&#x1C9C;&#x1C98;</subfield>
    <subfield code="z">2&#x10DA;.40&#x10D7;.</subfield>
  </datafield>
  <datafield tag="952" ind1=" " ind2=" ">
    <subfield code="0">0</subfield>
    <subfield code="1">0</subfield>
    <subfield code="2">udc</subfield>
    <subfield code="4">0</subfield>
    <subfield code="6">614253520758_&#x10D3;18</subfield>
    <subfield code="7">0</subfield>
    <subfield code="9">101012</subfield>
    <subfield code="a">CPL</subfield>
    <subfield code="b">CPL</subfield>
    <subfield code="c">GEN</subfield>
    <subfield code="d">2024-11-05</subfield>
    <subfield code="g">2.00</subfield>
    <subfield code="o">614.253.52(075.8) &#x10D3;-18</subfield>
    <subfield code="p">69585</subfield>
    <subfield code="r">2024-11-05</subfield>
    <subfield code="t">69585</subfield>
    <subfield code="w">2024-11-05</subfield>
    <subfield code="y">&#x1CAC;&#x1C98;&#x1C92;&#x1C9C;&#x1C98;</subfield>
    <subfield code="z">2&#x10DA;.40&#x10D7;.</subfield>
  </datafield>
  <datafield tag="952" ind1=" " ind2=" ">
    <subfield code="0">0</subfield>
    <subfield code="1">0</subfield>
    <subfield code="2">udc</subfield>
    <subfield code="4">0</subfield>
    <subfield code="6">614253520758_&#x10D3;18</subfield>
    <subfield code="7">0</subfield>
    <subfield code="9">101013</subfield>
    <subfield code="a">CPL</subfield>
    <subfield code="b">CPL</subfield>
    <subfield code="c">GEN</subfield>
    <subfield code="d">2024-11-05</subfield>
    <subfield code="g">2.00</subfield>
    <subfield code="o">614.253.52(075.8) &#x10D3;-18</subfield>
    <subfield code="p">69586</subfield>
    <subfield code="r">2024-11-05</subfield>
    <subfield code="t">69586</subfield>
    <subfield code="w">2024-11-05</subfield>
    <subfield code="y">&#x1CAC;&#x1C98;&#x1C92;&#x1C9C;&#x1C98;</subfield>
    <subfield code="z">2&#x10DA;.40&#x10D7;.</subfield>
  </datafield>
  <datafield tag="952" ind1=" " ind2=" ">
    <subfield code="0">0</subfield>
    <subfield code="1">0</subfield>
    <subfield code="2">udc</subfield>
    <subfield code="4">0</subfield>
    <subfield code="6">614253520758_&#x10D3;18</subfield>
    <subfield code="7">0</subfield>
    <subfield code="9">101014</subfield>
    <subfield code="a">CPL</subfield>
    <subfield code="b">CPL</subfield>
    <subfield code="c">GEN</subfield>
    <subfield code="d">2024-11-05</subfield>
    <subfield code="g">2.00</subfield>
    <subfield code="o">614.253.52(075.8) &#x10D3;-18</subfield>
    <subfield code="p">69587</subfield>
    <subfield code="r">2024-11-05</subfield>
    <subfield code="t">69587</subfield>
    <subfield code="w">2024-11-05</subfield>
    <subfield code="y">&#x1CAC;&#x1C98;&#x1C92;&#x1C9C;&#x1C98;</subfield>
    <subfield code="z">2&#x10DA;.40&#x10D7;.</subfield>
  </datafield>
</record>
